| 000 | 00683nam a2200205 4500 | ||
|---|---|---|---|
| 001 | 132426 | ||
| 003 | ES-MaACL | ||
| 005 | 20250829041758.0 | ||
| 007 | t| | ||
| 008 | 070214s1971 sp r ||||1| spa d | ||
| 100 | 1 |
_aRomá, Rosa. _999197 |
|
| 245 | 1 | 0 |
_aAna María Matute / _cRosa Romá. |
| 260 |
_aMadrid : _bEPESA [Ediciones y Publicaciones Españolas], _c1971. |
||
| 300 |
_a202 p. ; _c17 cm. |
||
| 490 | 1 |
_aGrandes escritores contemporáneos ; _v49 |
|
| 600 | 1 | 4 |
_aMatute, Ana María, _d1925-2014- _xCrítica e interpretación _9172056 |
| 830 | 1 | 0 |
_aGrandes escritores contemporáneos (Epesa) _v49 _9180697 |
| 852 |
_aES-MaACL _jC-44985 |
||
| 999 |
_c132426 _d132426 |
||